000 01007aas a2200253 4500
650 2 6 _aReservas naturales
_vPublicaciones periódicas
_zAmérica Latina
999 _c16908
_d16908
005 20191224042205.0
008 180419s1986 cl ux|p|r|||| 00| 0 spa d
040 _aCO-BoIAVH
_cCO-BoIAVH
041 0 _aspa
044 _acl
090 _aSE
245 1 0 _aFlora, fauna y áreas silvestres
260 _aSantiago de Chile (Chile) :
_bOrganización de las Naciones Unidas para la Agricultura y la Alimentación,
_c1986-.
300 _bilustraciones :
_c26 cm.
310 _au
321 _at
504 _aIncluye referencias bibliográficas.
650 2 6 _aZonas protegidas
_zAmérica Latina
_vPublicaciones periódicas
650 2 6 _aVida silvestre
_zAmérica Latina
_vPublicaciones periódicas
710 2 _aPrograma de las Naciones Unidas para el Medio Ambiente
710 1 _aOrganización de las Naciones Unidas para la Alimentación y la Agricultura (FAO)
942 _cREVISTA
_2z
_s1